Los sismos y sus probables causas internas y externas
Saved in:
| 主要作者: | |
|---|---|
| 格式: | 图书 |
| 语言: | 西班牙语 |
| 出版: |
Santiago
Imprenta de la Escuela de Artes y oficios
1907
|
| 版: | 1a. ed |
| 主题: | |
| 标签: |
添加标签
没有标签, 成为第一个标记此记录!
|
MARC
| LEADER | 00000nam a2200000 a 4500 | ||
|---|---|---|---|
| 001 | UCJ5137 | ||
| 003 | CL-VaPUC | ||
| 008 | 070124e19070000CL |||||||||||||||||spa|d | ||
| 082 | 0 | 4 | |a 551 |b DOR |2 21 |
| 100 | 0 | |a Dorlhiac, M |e author |9 509970 | |
| 245 | 1 | 4 | |a Los sismos y sus probables causas internas y externas |
| 250 | |a 1a. ed | ||
| 300 | |a 116 p | ||
| 942 | |c BK | ||
| 945 | |d 20070124 00:00:00 |a rinostro | ||
| 260 | |a Santiago |b Imprenta de la Escuela de Artes y oficios |c 1907 | ||
| 650 | 0 | |a Sismología |9 268106 | |
| 650 | 7 | |a TEMBLORES |2 CL-VaPUC |9 509971 | |
| 650 | 0 | |a Terremotos |9 267728 | |
| 650 | 0 | |a Volcanismo |9 505517 | |
| 583 | |a last modification |c 20070124 00:00:00 |k Rodrigo Vera | ||
| 999 | |c 321250 |d 321248 | ||
| 952 | |0 0 |1 0 |4 0 |6 551_000000000000000_DOR_1907 |7 0 |8 X |9 399949 |a FDOBUD |b FDOBUD |d 2019-11-22 |i 1030531 |o 551 DOR 1907 |p 1030531 |r 2019-11-22 |w 2019-11-22 |y BK_X |k BUD | ||